Statystyki dla Top 15 najszybszych kart w fifie 22 [zwykłe karty]

Kliknij tutaj aby rozwiązać quiz!

Ogólne statystyki

  • Ten quiz został rozwiązany 40 razy
  • Średni wynik to 3 z 15

Statystyki odpowiedzi

szybkośćOcenazawodnik% Poprawnych
97 PACE91Kylian
Mbappe
100%
96 PACE78Adama
Traore
58%
96 PACE82Alphonso
Davies
39%
95 PACE80Vinicius
Junior
29%
95 PACE85Achraf
Hakimi
16%
95 PACE77Daniel
James
13%
94 PACE82Rafa
5%
94 PACE81Inaki
Williams
3%
94 PACE81Moussa
diaby
3%
94 PACE71Tom
Barkhuizen
3%
94 PACE74Chidera
Ejuke
0%
94 PACE77Frank
Achempong
0%
94 PACE75Georges
Nkoudou
0%
94 PACE72Gerrit
holtmann
0%
94 PACE78Ismaila
Sarr
0%

Rozkład punktacji

Percentyl według liczby udzielonych odpowiedzi

Procent ludzi z każdym wynikiem

Twoja historia wyników

Nie rozwiązałeś tego quizu